Exercises in algebra : a collection of exercises in algebra, linear algebra and geometry
Αποθηκεύτηκε σε:
| Άλλοι συγγραφείς: | , |
|---|---|
| Μορφή: | Βιβλίο |
| Γλώσσα: | English |
| Δημοσίευση: |
Amsterdam :
Gordon and Breach Publishers,
c1996
|
| Σειρά: | Algebra, logic and applications ;
; 6 |
| Θέματα: | |
| Ετικέτες: |
Προσθήκη ετικέτας
Δεν υπάρχουν, Καταχωρήστε ετικέτα πρώτοι!
|
MARC
| LEADER | 00000nam a2200000 i 4500 | ||
|---|---|---|---|
| 001 | 1/69414 | ||
| 008 | 990210s1996 eng d | ||
| 020 | |a 2-88449-030-2 | ||
| 035 | |l 10047829 | ||
| 040 | |a GR-MY-UA |b gre |e aacr | ||
| 041 | 0 | |a eng | |
| 082 | 0 | |a 512.0076 | |
| 245 | 1 | 0 | |a Exercises in algebra : |b a collection of exercises in algebra, linear algebra and geometry / |c edited by Alexei I. Kostrikin ; translated by V.A. Artamonov |
| 260 | |a Amsterdam : |b Gordon and Breach Publishers, |c c1996 | ||
| 300 | |a xi, 464 p.; |b ill.; |c 24 cm. | ||
| 490 | 1 | |a Algebra, logic and applications |v ; 6 | |
| 500 | |a Translated from Russian | ||
| 500 | |a Includes bibliographical references and index | ||
| 650 | 0 | 0 | |a Algebra |x Problems, exercises, etc. |
| 650 | 0 | 0 | |a Algebras, Linear |x Problems, exercises, etc. |
| 650 | 0 | 0 | |a Geometry |x Problems, exercises, etc. |
| 700 | 1 | |a Kostrikin, Aleksei Ivanovich. |4 edt | |
| 700 | 1 | |a Artamonov, V. A. |q (Viacheslav Aleksandrovich) |4 trl | |
| 830 | 0 | |a Algebra, logic and applications ; |v ; 6 | |
| 852 | |a INST |b SAMOS |e 19990210 |h 512.0076 EXE |p 005300013486 |q 005300013486 |t BK |y 0 | ||
| 901 | |a BIBL-1999-1 | ||
| 909 | |a Σ |b 060649 | ||
| 922 | |a 3ΕΛΗ |b 199901 |c ΕΠΕΑΕΚ/ΜΑΘ |d LEADER | ||